| 000 | 00516 a2200169 4500 | ||
|---|---|---|---|
| 999 |
_c9048 _d9048 |
||
| 020 | _a9781108405522 | ||
| 050 | _aKF3783CLI2018 | ||
| 100 |
_aBurger , Michael _eeditor |
||
| 245 |
_aClimate change, public health and the law / _cedited by Michael Burger and Justin Gundlach |
||
| 264 |
_aNew York: _bCambridge university press, _c2018 |
||
| 300 | _a454p. : | ||
| 500 | _aincludes index | ||
| 650 | _aclimate change | ||
| 650 | _apublic health | ||
| 700 |
_aGundlach Justin _eeditor |
||
| 942 |
_2lcc _cBK _h3783 _iCLI _kKF |
||